POST HARVEST FOOD GRAIN STORAGE (Record no. 216232)

MARC details
000 -LEADER
fixed length control field 00460nam a22001577a 4500
008 - FIXED-LENGTH DATA ELEMENTS--GENERAL INFORMATION
fixed length control field 251120b |||||||| |||| 00| 0 eng d
020 ## - INTERNATIONAL STANDARD BOOK NUMBER
International Standard Book Number 979-8-88715-068-0
100 ## - MAIN ENTRY--PERSONAL NAME
Personal name GREENWOOD, JASMIN O.
245 ## - TITLE STATEMENT
Title POST HARVEST FOOD GRAIN STORAGE
260 ## - PUBLICATION, DISTRIBUTION, ETC.
Place of publication, distribution, etc. DUBLIN
Name of publisher, distributor, etc. ORYSON PRESS
Date of publication, distribution, etc. 2023
300 ## - PHYSICAL DESCRIPTION
Extent VI, 258P.
500 ## - GENERAL NOTE
General note INCLUDES INDEX
650 ## - SUBJECT ADDED ENTRY
Topical term or geographic name entry element 1. GRAIN -STORAGE 2. FOOD - STORAGE 3. POSTHARVEST TECHNOLOGY
942 ## - ADDED ENTRY ELEMENTS (KOHA)
Source of classification or shelving scheme Library of Congress Classification
Koha item type Long Loan Book
Holdings
Withdrawn status Lost status Source of classification or shelving scheme Damaged status Not for loan Collection Home library Current library Shelving location Date acquired Inventory number Total checkouts Full call number Barcode Date last seen Copy number Price effective from Koha item type
    Library of Congress Classification     Science & Technology Kisii University Library Kisii University Library On Display 11/20/2025 109957   SB 208 .G74 2023 000000000717 11/20/2025 C.1 11/20/2025 Long Loan Book
    Library of Congress Classification     Science & Technology Kisii University Library Kisii University Library On Display 11/20/2025 109958   SB 208 .G74 2023 000000000716 11/20/2025 C.2 11/20/2025 Long Loan Book
    Library of Congress Classification     Science & Technology Kisii University Library Kisii University Library On Display 11/20/2025 109959   SB 208 .G74 2023 000000000715 11/20/2025 C.3 11/20/2025 Long Loan Book
    Library of Congress Classification     Science & Technology Kisii University Library Kisii University Library On Display 11/20/2025 109960   SB 208 .G74 2023 000000000822 11/20/2025 C.4 11/20/2025 Long Loan Book